000 00424nam a2200169Ia 4500
003 GCL
008 140319s9999 xx 000 0 eng d
040 _aGCL /
_cGCL
082 0 4 _a363.11
_bS R
100 1 _aRIDLEY, JOHN R.
245 1 0 _aSAFETY AT WORK /
_cRIDLEY, JOHN R.
260 _a[S.N] :
_bBUTTERWORTH HEINEMANN ،
_c1995
300 _a794 P
650 0 4 _aINDUSTRIAL SAFETY
650 0 4 _aSAFETY
942 _2ddc
_cBK
999 _c10572
_d10572